Violencias y Conflictos en las Escuelas : (Record no. 3135)
[ view plain ]
| 000 -CABECERA | |
|---|---|
| campo de control de longitud fija | 00966nam a22003495a 4500 |
| 001 - NUMERO DE CONTROL | |
| campo de control | 002781 |
| 003 - IDENTIFICADOR DE NUMERO DE CONTROL | |
| campo de control | armpunfd |
| 005 - FECHA ULTIMA MODIFICACION | |
| campo de control | 20150625190101.0 |
| 008 - ELEMENTOS DE LONGITUD FIJA -- INFORMACION GENERAL | |
| campo de control de longitud fija | 140623s2008####ag############000#0#und#d |
| 020 ## - NUMERO INTERNACIONAL NORMALIZADO PARA LIBROS (ISBN) | |
| International Standard Book Number | 9789501245462 |
| 080 ## - NUMERO DE CLASIFICACION DECIMAL UNIVERSAL (CDU) | |
| Número de la Clasificación Decimal Universal | 364 M 588 |
| 245 10 - MENCION DE TITULO | |
| Título propiamente dicho | Violencias y Conflictos en las Escuelas : |
| Parte restante del título | Aproximaciones a una Problemática Actual / |
| 260 ## - PUBLICACION, DISTRIBUCION, ETC. (PIE DE IMPRENTA) | |
| Lugar de publicación, distribución, etc. | Buenos Aires: |
| Nombre del editor, distribuidor, etc. | Paidòs, |
| Fecha de publicación, distribución, etc. | 2008. |
| 300 ## - DESCRIPCION FISICA | |
| Extensión | 272 P ; |
| Dimensiones | 21 X 13 Cm. |
| 490 ## - MENCION DE SERIE | |
| Mención de serie | (Tramas Sociales) |
| Designación numérica/secuencial del volumen | 46 |
| 650 #7 - ASIENTO SECUNDARIO DE MATERIA - TERMINO TEMATICO | |
| Término temático o nombre geográfico como elemento de entrada | Violencia Escolar |
| Fuente del encabezamiento o término | LEMB |
| 650 #7 - ASIENTO SECUNDARIO DE MATERIA - TERMINO TEMATICO | |
| Término temático o nombre geográfico como elemento de entrada | Violencia |
| Fuente del encabezamiento o término | LEMB |
| 651 ## - ASIENTO SECUNDARIO DE MATERIA - NOMBRE GEOGRAFICO | |
| Fuente del encabezamiento o término | LEMB |
| 700 1# - ASIENTO SECUNDARIO - NOMBRE PERSONAL | |
| Nombre personal | Tisnes Adela ; A |
| 700 1# - ASIENTO SECUNDARIO - NOMBRE PERSONAL | |
| Nombre personal | Adasko, Adam |
| 700 1# - ASIENTO SECUNDARIO - NOMBRE PERSONAL | |
| Nombre personal | Kornblit Ana Lia ; |
| 700 1# - ASIENTO SECUNDARIO - NOMBRE PERSONAL | |
| Nombre personal | Noel Gabriel. |
| 700 1# - ASIENTO SECUNDARIO - NOMBRE PERSONAL | |
| Nombre personal | Previtali Malena |
| 700 1# - ASIENTO SECUNDARIO - NOMBRE PERSONAL | |
| Nombre personal | Bianchi Marta |
| 700 1# - ASIENTO SECUNDARIO - NOMBRE PERSONAL | |
| Nombre personal | Pomes Ana Lia ; |
| 700 1# - ASIENTO SECUNDARIO - NOMBRE PERSONAL | |
| Nombre personal | Velazquez Adriana ; |
| 700 1# - ASIENTO SECUNDARIO - NOMBRE PERSONAL | |
| Nombre personal | Lionetti Lucia ; |
| 700 1# - ASIENTO SECUNDARIO - NOMBRE PERSONAL | |
| Nombre personal | Varela Paola. |
| 700 1# - ASIENTO SECUNDARIO - NOMBRE PERSONAL | |
| Nombre personal | Gallo Paola. |
| 945 ## - INFORMACION DE PROCESAMIENTO LOCAL | |
| Fecha de ingreso o modificación | 2015-04-15 |
| Responsable de carga/modificación | Celeste Delía |
| Retirado | Perdido | Dañado | No se presta | Ubicación permanente | Locación actual | Estante o sala | Fecha de adquisición | Signatura topográfica | Inventario | Ultima fecha vista | Tipo de item de Koha |
|---|---|---|---|---|---|---|---|---|---|---|---|
| Bib. Derecho | Bib. Derecho | Biblioteca Graduados | 09/12/2014 | 364 M 588 | 300216 | 01/09/2016 | LIBRO (Consulta) |
